[Event "fRIENDs aROUNd tHe wORLd Team Championship"]
[Site "SchemingMind.com"]
[Date "2005.12.22"]
[Round "-"]
[White "agrillage"]
[Black "reptile"]
[Result "1-0"]
[WhiteCountry "MLT"]
[BlackCountry "ISR"]
[WhiteElo "2023"]
[WhiteRD "75"]
[BlackElo "1858"]
[BlackRD "80"]
[GameID "33980"]

1. c4 e5 2. g3 d6 3. Bg2 Nc6 4. Nc3 g6 5. e4 Bg7 6. Nge2 Nge7 7. O-O O-O 8. d3 Be6 9. Nd5 Qc8 10. Be3 f5
11. Qd2 f4 12. gxf4 exf4 13. Nexf4 Bg4 14. Nxe7+ Nxe7 15. d4 g5 16. Ne2 Bf3 17. Bxg5 Qg4 18. Ng3 Bxg2 19. Kxg2 Ng6 20. f3 Nh4+
21. Bxh4 Qxh4 22. Nf5 Qf6 23. Kh1 Kf7 24. Rg1 Rg8 25. Qa5 Rac8 26. Qd5+ Kf8 27. Qxb7 Kf7 28. Rxg7+
1-0

[Event "fRIENDs aROUNd tHe wORLd Team Championship"]
[Site "SchemingMind.com"]
[Date "2005.12.22"]
[Round "-"]
[White "agrillage"]
[Black "John"]
[Result "1-0"]
[WhiteCountry "MLT"]
[BlackCountry "POR"]
[WhiteElo "2053"]
[WhiteRD "75"]
[BlackElo "1507"]
[BlackRD "73"]
[GameID "33981"]

1. c4 e5 2. g3 c5 3. Bg2 d6 4. Nc3 Nc6 5. d3 Nge7 6. Rb1 b6 7. a3 Bb7 8. Nf3 g6 9. O-O Bg7 10. Bd2 O-O
11. b4 Nf5 12. e3 cxb4 13. axb4 Qc7 14. Ng5 Nce7 15. Nb5 Qd7 16. Bxb7 Qxb7 17. e4 Nh6 18. Nxd6 Qd7 19. c5 f6 20. Qb3+ Kh8
21. Ngf7+ Nxf7 22. Nxf7+ Rxf7 23. Qxf7 Qxd3 24. Qxe7 Qxd2 25. Rfd1 Qh6 26. Rd8+ Rxd8 27. Qxd8+ Bf8 28. Qxf6+
1-0

[Event "fRIENDs aROUNd tHe wORLd Team Championship"]
[Site "SchemingMind.com"]
[Date "2005.12.22"]
[Round "-"]
[White "agrillage"]
[Black "markagodfrey"]
[Result "1/2-1/2"]
[WhiteCountry "MLT"]
[BlackCountry "GBR"]
[WhiteElo "2023"]
[WhiteRD "75"]
[BlackElo "2108"]
[BlackRD "80"]
[GameID "33982"]

1. c4 Nf6 2. g3 g6 3. Bg2 Bg7 4. Nc3 O-O 5. d3 d6 6. Bg5 h6 7. Bd2 c6 8. e4 Nbd7 9. Nge2 Ne5 10. Bc1 Qb6
11. h3 c5 12. O-O Bd7 13. f4 Nc6 14. Rb1 Qc7 15. Be3 Rae8 16. Qd2 Qc8 17. Kh2 Qc7 18. f5 Ne5 19. Kh1 Kh7=
1/2-1/2

[Event "fRIENDs aROUNd tHe wORLd Team Championship"]
[Site "SchemingMind.com"]
[Date "2005.12.22"]
[Round "-"]
[White "agrillage"]
[Black "rguiu"]
[Result "1-0"]
[WhiteCountry "MLT"]
[BlackCountry "INT"]
[WhiteElo "2026"]
[WhiteRD "72"]
[BlackElo "1731"]
[BlackRD "88"]
[GameID "33983"]

1. c4 Nf6 2. g3 g6 3. Bg2 Bg7 4. Nc3 O-O 5. d3 c6 6. e4 e5 7. Nge2 d6 8. O-O Be6 9. h3 Nh5 10. g4 Nf6
11. Be3 Nbd7 12. f4 exf4 13. Nxf4 Ne5 14. Qe2 Bc8 15. d4 Nexg4 16. hxg4 Nxg4 17. Bf3 Qg5 18. Bxg4 Bxg4 19. Qg2 Qh4 20. Qh2 Qe7
21. Rae1 Rfe8 22. Nfe2 f5 23. Ng3 c5 24. Nd5 Qd7 25. dxc5 Rf8 26. exf5 Be5 27. f6 Be6 28. Ne7+ Kf7 29. Qxh7+ Ke8 30. Ne4 Kd8
31. Qg7 Rf7 32. Qh8+ Kc7 33. Qxa8 Bxc4 34. Qc8+ Qxc8 35. Nxc8 Rh7 36. Ncxd6
1-0

[Event "fRIENDs aROUNd tHe wORLd Team Championship"]
[Site "SchemingMind.com"]
[Date "2005.12.22"]
[Round "-"]
[White "agrillage"]
[Black "Louis Lima"]
[Result "1-0"]
[WhiteCountry "MLT"]
[BlackCountry "ESP"]
[WhiteElo "2046"]
[WhiteRD "76"]
[BlackElo "1703"]
[BlackRD "65"]
[GameID "33984"]

1. c4 Nf6 2. g3 g6 3. Bg2 Bg7 4. Nc3 O-O 5. d3 d6 6. Bg5 c6 7. Qd2 Re8 8. e4 Nbd7 9. Nge2 a6 10. O-O b5
11. Bh6 Bh8 12. f4 Qb6+ 13. d4 Ng4 14. Bg5 bxc4 15. f5 Nge5 16. Na4 Qa7 17. fxg6 hxg6 18. Kh1 Nd3 19. Qc3 d5 20. exd5 cxd5
21. Bxd5 Bb7 22. Qxc4 e6 23. Bf3 Bxf3+ 24. Rxf3 N7e5 25. dxe5 Nxe5 26. Qf4 Nxf3 27. Qxf3 Qd7 28. Nb6
1-0

[Event "fRIENDs aROUNd tHe wORLd Team Championship"]
[Site "SchemingMind.com"]
[Date "2005.12.22"]
[Round "-"]
[White "agrillage"]
[Black "jasniepanicz"]
[Result "1-0"]
[WhiteCountry "MLT"]
[BlackCountry "POL"]
[WhiteElo "1973"]
[WhiteRD "75"]
[BlackElo "1559"]
[BlackRD "114"]
[GameID "33986"]

1. c4 c5 2. Nf3 Nc6 3. d4 e6 4. d5 exd5 5. cxd5 Nb4 6. Nc3 d6 7. e4 b6 8. Be2 h6 9. O-O Be7 10. a3 Na6
11. Bxa6 Bxa6 12. Qa4+
1-0

[Event "fRIENDs aROUNd tHe wORLd Team Championship"]
[Site "SchemingMind.com"]
[Date "2005.12.22"]
[Round "-"]
[White "agrillage"]
[Black "Toivop"]
[Result "1-0"]
[WhiteCountry "MLT"]
[BlackCountry "EST"]
[WhiteElo "2005"]
[WhiteRD "71"]
[BlackElo "1809"]
[BlackRD "91"]
[GameID "33987"]

1. c4 Nf6 2. g3 e6 3. Bg2 d5 4. Nf3 Be7 5. O-O O-O 6. d4 dxc4 7. Ne5 Nc6 8. Nxc6 bxc6 9. e3 Bb7 10. Qa4 Nd5
11. Qxc4 Qd6 12. Nc3 c5 13. Ne4 Qa6 14. b3 cxd4 15. Qxd4 Nf6 16. Nc5 Bxc5 17. Qxc5 Bxg2 18. Kxg2 Qb7+ 19. Kg1 Ne4 20. Qe5 Nf6
21. Bb2 Rfd8 22. Rac1 Ne8 23. Rfd1 Qa6 24. Rxd8 Rxd8 25. Qc3 f6 26. a3 Qe2 27. Re1 Qd2 28. Qxd2 Rxd2 29. Bd4 Rd3 30. Rb1 a5
31. Kf1 Rd2 32. Ke1 Rc2 33. Rb2 Rxb2 34. Bxb2 Nd6 35. Bc3 Nb7 36. Ke2 Kf7 37. Kd3 a4 38. bxa4 Nc5+ 39. Kc4 Nxa4 40. Ba5 c6
41. Kb4 Nb2 42. Kc5 Nd3+ 43. Kxc6 Nxf2 44. Bb6 Ng4 45. a4
1-0

[Event "fRIENDs aROUNd tHe wORLd Team Championship"]
[Site "SchemingMind.com"]
[Date "2005.12.22"]
[Round "-"]
[White "agrillage"]
[Black "pattSir"]
[Result "1/2-1/2"]
[WhiteCountry "MLT"]
[BlackCountry "GER"]
[WhiteElo "2026"]
[WhiteRD "72"]
[BlackElo "2073"]
[BlackRD "101"]
[GameID "33988"]

1. c4 Nf6 2. g3 e5 3. Bg2 Nc6 4. Nc3 Bc5 5. a3 a5 6. e3 O-O 7. Nge2 d6 8. O-O Ba7 9. b4 axb4 10. axb4 Nxb4
11. Qb3 Nc6 12. Nb5 Bg4 13. Nec3 Bb6 14. Rxa8 Qxa8 15. Nxd6 Na5 16. Qb4 cxd6 17. Qxb6 Nxc4 18. Qxb7 Qa5 19. Nd5 Nxd5 20. Qxd5 Qxd5
21. Bxd5 Be2 22. Re1 Bd3 23. Bxc4=
1/2-1/2

[Event "fRIENDs aROUNd tHe wORLd Team Championship"]
[Site "SchemingMind.com"]
[Date "2005.12.23"]
[Round "-"]
[White "reptile"]
[Black "agrillage"]
[Result "0-1"]
[WhiteCountry "ISR"]
[BlackCountry "MLT"]
[WhiteElo "1876"]
[WhiteRD "82"]
[BlackElo "2044"]
[BlackRD "77"]
[GameID "33989"]

1. d4 c5 2. e4 cxd4 3. Nf3 g6 4. Nxd4 Bg7 5. Nc3 Nc6 6. Be3 Nf6 7. Be2 O-O 8. O-O d5 9. Nxc6 bxc6 10. e5 Nd7
11. f4 e6 12. Na4 Qa5 13. c3 Ba6 14. Bxa6 Qxa6 15. Bc5 Nxc5 16. Nxc5 Qb6 17. b4 Rfd8 18. Qd4 Bf8 19. Nd3 Rdc8 20. Qxb6 axb6
21. a4 c5 22. a5 bxa5 23. bxa5 Rcb8 24. Ra2 Rb3 25. Rc1 d4 26. Kf1 c4 27. Nb2 Ba3 28. Rxa3 Rxa3 29. Nxc4 Rxc3 30. Rxc3 dxc3
31. Ke2 Rc8
0-1

[Event "fRIENDs aROUNd tHe wORLd Team Championship"]
[Site "SchemingMind.com"]
[Date "2005.12.22"]
[Round "-"]
[White "John"]
[Black "agrillage"]
[Result "0-1"]
[WhiteCountry "POR"]
[BlackCountry "MLT"]
[WhiteElo "1507"]
[WhiteRD "73"]
[BlackElo "2053"]
[BlackRD "75"]
[GameID "33990"]

1. c4 g6 2. d4 Bg7 3. e4 c5 4. d5 d6 5. h3 e6 6. Bd3 Ne7 7. Bd2 Bxb2 8. Nc3 Bxa1 9. Qxa1 e5 10. f4 f6
11. fxe5 fxe5 12. Bg5 h6 13. Bf6 O-O 14. Bh4 Nd7 15. Nf3 Nf6 16. Bxf6 Rxf6 17. O-O Qf8 18. Nb5 Qd8 19. a4 a6 20. Nc3 Qf8
21. Ne2 Bxh3 22. Nh4 Rxf1+ 23. Qxf1 Qxf1+ 24. Kxf1 Rf8+ 25. Kg1 Bg4
0-1

[Event "fRIENDs aROUNd tHe wORLd Team Championship"]
[Site "SchemingMind.com"]
[Date "2005.12.24"]
[Round "-"]
[White "markagodfrey"]
[Black "agrillage"]
[Result "1/2-1/2"]
[WhiteCountry "GBR"]
[BlackCountry "MLT"]
[WhiteElo "2108"]
[WhiteRD "80"]
[BlackElo "2023"]
[BlackRD "75"]
[GameID "33991"]

1. e4 c5 2. Nf3 g6 3. d4 Bg7 4. c4 cxd4 5. Nxd4 Nc6 6. Be3 Nf6 7. Nc3 O-O 8. Be2 b6 9. O-O Bb7 10. f4 d6
11. Bf3 Nxd4 12. Bxd4 Rc8 13. Qd3 Nd7 14. Bxg7 Kxg7 15. Qd4+ Kg8 16. Bg4 Bc6 17. Rad1 Rc7 18. e5 dxe5 19. fxe5 Qa8 20. e6 Nf6
21. exf7+ Kxf7 22. Qf4 Qb7 23. Qh6=
1/2-1/2

[Event "fRIENDs aROUNd tHe wORLd Team Championship"]
[Site "SchemingMind.com"]
[Date "2005.12.22"]
[Round "-"]
[White "rguiu"]
[Black "agrillage"]
[Result "0-1"]
[WhiteCountry "INT"]
[BlackCountry "MLT"]
[WhiteElo "1731"]
[WhiteRD "88"]
[BlackElo "2026"]
[BlackRD "72"]
[GameID "33992"]

1. e4 c5 2. Nf3 g6 3. Nc3 Bg7 4. d3 Nc6 5. Be3 d6 6. Be2 Nf6 7. h3 O-O 8. O-O Rb8 9. a4 a6 10. Nh2 b5
11. f4 b4 12. Nb1 Ne8 13. c3 bxc3 14. bxc3 Bd7 15. f5 Nf6 16. g4 c4 17. g5 cxd3 18. Qxd3 Ne5 19. Qc2 Ne8 20. Ng4 Nxg4
21. hxg4 Qc7 22. a5 d5 23. Bf4 Be5 24. Bxe5 Qxe5 25. Rf3 dxe4 26. Rh3 gxf5 27. g6 fxg6 28. Bc4+ Be6 29. Bxe6+ Qxe6 30. Qh2 Nf6
31. g5 Nh5 32. Nd2 Rb2
0-1

[Event "fRIENDs aROUNd tHe wORLd Team Championship"]
[Site "SchemingMind.com"]
[Date "2005.12.22"]
[Round "-"]
[White "Louis Lima"]
[Black "agrillage"]
[Result "1-0"]
[WhiteCountry "ESP"]
[BlackCountry "MLT"]
[WhiteElo "1728"]
[WhiteRD "70"]
[BlackElo "2015"]
[BlackRD "79"]
[GameID "33993"]

1. d4 c5 2. e3 Nf6 3. Nf3 g6 4. c4 Bg7 5. Nc3 O-O 6. Be2 cxd4 7. exd4 d5 8. O-O Nc6 9. h3 Bf5 10. a3 dxc4
11. Bxc4 Rc8 12. Ba2 Ne4 13. Nxe4 Bxe4 14. d5 Bxf3 15. Qxf3 Nd4 16. Qe4 Rc2 17. Rb1 Qc7 18. Re1 Nf5 19. Bb3 Rc5 20. Bf4 Qd7
21. Be5 Bxe5 22. Qxe5 Qb5 23. Ba2 Re8 24. b4 Rcc8 25. Rbc1 Qd3 26. Rxc8 Rxc8 27. Bb1 Qd2 28. Bxf5 gxf5 29. Qxe7 Rc2 30. Qe8+ Kg7
31. Qe5+ Kg6 32. Qg3+ Kf6 33. Re3 Qd4 34. Qd6+ Kg5 35. Qe7+ Kh6 36. Rg3 Qxf2+ 37. Kh2 Qf4 38. Qf6+ Kh5 39. Qxf7+ Kh6 40. Qg7+ Kh5
41. Qxh7+ Qh6 42. Qxf5+
1-0

[Event "fRIENDs aROUNd tHe wORLd Team Championship"]
[Site "SchemingMind.com"]
[Date "2006.01.05"]
[Round "-"]
[White "zledar"]
[Black "agrillage"]
[Result "0-1"]
[WhiteCountry "MEX"]
[BlackCountry "MLT"]
[WhiteElo "1126"]
[WhiteRD "103"]
[BlackElo "2046"]
[BlackRD "76"]
[GameID "33994"]

1. e4 c5 2. Nc3 g6 3. Nf3 Bg7 4. d4 cxd4 5. Nxd4 Nc6 6. Be3 Nf6 7. Bc4 O-O 8. Bb3 d6 9. Nxc6 bxc6 10. O-O Ng4
11. Bd4 e5 12. Be3 Nxe3 13. Qf3 Nxf1 14. Kxf1 Be6
0-1

[Event "fRIENDs aROUNd tHe wORLd Team Championship"]
[Site "SchemingMind.com"]
[Date "2005.12.22"]
[Round "-"]
[White "jasniepanicz"]
[Black "agrillage"]
[Result "0-1"]
[WhiteCountry "POL"]
[BlackCountry "MLT"]
[WhiteElo "1559"]
[WhiteRD "114"]
[BlackElo "1973"]
[BlackRD "75"]
[GameID "33995"]

1. e4 c5 2. c4 Nc6 3. Nc3 g6 4. d3 Bg7 5. Bd2 d6 6. h3 e6 7. Nf3 Nge7 8. Be2 O-O 9. a3 d5 10. exd5 exd5
11. Rb1 Bf5 12. b3 b6 13. Rc1 d4 14. Nb1 Qd6 15. Nh4 Bd7 16. Bg4 Ne5 17. Be2 Nf5 18. Nxf5 Bxf5 19. Bg5 Bxd3 20. Bxd3 Nxd3+
21. Qxd3 Qe5+
0-1

[Event "fRIENDs aROUNd tHe wORLd Team Championship"]
[Site "SchemingMind.com"]
[Date "2005.12.22"]
[Round "-"]
[White "Toivop"]
[Black "agrillage"]
[Result "0-1"]
[WhiteCountry "EST"]
[BlackCountry "MLT"]
[WhiteElo "1809"]
[WhiteRD "91"]
[BlackElo "2005"]
[BlackRD "71"]
[GameID "33996"]

1. e4 c5 2. c3 g6 3. d4 cxd4 4. cxd4 d5 5. e5 Bg7 6. Bb5+ Nc6 7. Nc3 Nh6 8. Nge2 O-O 9. O-O Nf5 10. Qa4 Nb8
11. Bg5 h6 12. Bf4 e6 13. Bd3 Ne7 14. Nb5 Bd7 15. Qb4 Bxb5 16. Qxb5 Nbc6 17. Rfc1 Qd7 18. Ng3 Rac8 19. Be3 Rc7 20. Rc2 a6
21. Qc5 Rcc8 22. Qb6 Nb8 23. Rac1 Rxc2 24. Rxc2 Nbc6 25. Bd2 Rc8 26. Rc1 Rb8 27. Qc5 Bf8 28. Be3 Nf5 29. Qb6 Nxe3 30. fxe3 Nb4
31. Bb1 Rc8 32. Rc3 Rxc3 33. bxc3 Qa4 34. cxb4 Qd1+ 35. Nf1 Qxb1 36. Qxb7 Qxa2 37. Qb8 Qa4 38. Ng3 Qxb4 39. Qc8 Qe1+ 40. Nf1 a5
41. Qa8 Qa1 42. Qd8 a4
0-1

[Event "fRIENDs aROUNd tHe wORLd Team Championship"]
[Site "SchemingMind.com"]
[Date "2005.12.22"]
[Round "-"]
[White "pattSir"]
[Black "agrillage"]
[Result "1-0"]
[WhiteCountry "GER"]
[BlackCountry "MLT"]
[WhiteElo "2154"]
[WhiteRD "90"]
[BlackElo "2023"]
[BlackRD "75"]
[GameID "33997"]

1. e4 c5 2. d4 cxd4 3. c3 g6 4. Nf3 Bg7 5. Bc4 d3 6. Qb3 e6 7. Bf4 Nf6 8. Nbd2 d5 9. Bxd3 O-O 10. Rd1 Nbd7
11. Bd6 Re8 12. O-O b6 13. e5 Ng4 14. Rfe1 Nc5 15. Qc2 Nb7 16. Qa4 Nxd6 17. Qxg4 Nb7 18. Nb3 Qc7 19. Bb5 Bd7 20. Bxd7 Qxd7
21. h4 h5 22. Qf4 Rac8 23. Re3 Nc5 24. Nxc5 bxc5 25. g4 hxg4 26. Qxg4 Bh6 27. Ng5 Qe7 28. Rg3 c4 29. Nf3 Kh7 30. b4 cxb3
31. axb3 Rg8 32. Kg2 f5 33. exf6 Qxf6 34. Ng5+ Bxg5= 35. hxg5 Qe7 36. Rh1+ Kg7 37. Re3 e5 38. Rxe5 Qxe5 39. Qd7+ Kf8 40. Qxc8+ Kg7
41. Qd7+ Kf8 42. Rh3
1-0